[Event "XXVI Miedzynarodowy Festiwal Szachowy w Poznaniu - OPEN A"]
[Site "Poznan"]
[Date "2018-08-19"]
[Round "1.1"]
[White "Koziak, Vitali "]
[Black "Lisiecki, Robert "]
[Result "1-0"]
[WhiteTitle ""]
[BlackTitle ""]
[WhiteElo "2476"]
[BlackElo "1759"]

1. d4 Nf6 2. c4 g6 3. Nc3 Bg7 4. e4 d6 5. Nf3 O-O 6. Be2 e5 7. Be3 Nc6 8. d5 Ne7
9. Nd2 Ne8 10. O-O f5 11. f3 f4 12. Bf2 g5 13. c5 Bd7 14. Qb3 Qc8 15. Bb5 Bxb5
16. Nxb5 a6 17. Na3 Rf6 18. Nac4 Rg6 19. Rfc1 g4 20. cxd6 Nxd6 21. Nxd6 Rxd6 22.
Nc4 Rg6 23. Nb6 Rxb6 24. Bxb6 c6 25. d6+ 1-0

[Event "XXVI Miedzynarodowy Festiwal Szachowy w Poznaniu - OPEN A"]
[Site "Poznan"]
[Date "2018-08-19"]
[Round "1.2"]
[White "Roszkiewicz, Anna"]
[Black "Sieciechowicz, Marcin"]
[Result "0-1"]
[WhiteTitle ""]
[BlackTitle ""]
[WhiteElo "1750"]
[BlackElo "2424"]

1. e4 b6 2. d4 Bb7 3. Nc3 g6 4. Nf3 Bg7 5. Be3 e6 6. Qd2 h6 7. Be2 Ne7 8. O-O-O
d6 9. d5 e5 10. Ne1 Nd7 11. Bb5 a6 12. Bxd7+ Qxd7 13. f3 f5 14. g3 O-O-O 15. Nd3
g5 16. h4 f4 17. gxf4 gxf4 18. Bf2 Bf6 19. h5 Rhg8 20. Rdg1 Rxg1+ 21. Bxg1 Rg8
22. Nf2 Rg3 23. Ng4 Bg5 24. Qf2 Ng8 25. Ne2 Rxg4 26. fxg4 f3+ 27. Kb1 fxe2 28.
Qxe2 Nf6 29. Be3 Nxe4 30. Bxg5 Nxg5 31. c4 Qh7+ 32. Kc1 Kb8 33. Rf1 Bc8 34. Rf8
Qg7 35. Qf2 Nh7 36. Rf7 Qg5+ 37. Kb1 Qxg4 0-1

[Event "XXVI Miedzynarodowy Festiwal Szachowy w Poznaniu - OPEN A"]
[Site "Poznan"]
[Date "2018-08-19"]
[Round "1.3"]
[White "Urban, Klaudiusz "]
[Black "Kupsik, Joanna "]
[Result "1-0"]
[WhiteTitle ""]
[BlackTitle ""]
[WhiteElo "2424"]
[BlackElo "1732"]

1. Nf3 c5 2. c4 Nc6 3. Nc3 e5 4. e3 d6 5. d4 Bg4 6. d5 Nb8 7. Be2 Nf6 8. O-O g6
9. e4 Bg7 10. Ne1 Bxe2 11. Qxe2 O-O 12. Nd3 a6 13. Rb1 Nbd7 14. b4 b6 15. bxc5
bxc5 16. Bd2 Rb8 17. Rb3 Qc7 18. Rfb1 h6 19. R1b2 Nb6 20. Nc1 Kh7 21. Rb1 Nfd7
22. Ra3 Qc8 23. Nb3 f5 24. Na5 Na8 25. Qd1 Rxb1 26. Qxb1 Ndb6 27. Rb3 Qd8 28.
exf5 Rxf5 29. Ne4 Bf8 30. Nc6 Qc8 31. Ba5 Nd7 32. Rb7 Nab6 33. Qxb6 1-0

[Event "XXVI Miedzynarodowy Festiwal Szachowy w Poznaniu - OPEN A"]
[Site "Poznan"]
[Date "2018-08-19"]
[Round "1.4"]
[White "Stochnialek, Dominika"]
[Black "Kulon, Klaudia "]
[Result "0-1"]
[WhiteTitle ""]
[BlackTitle ""]
[WhiteElo "1725"]
[BlackElo "2355"]

1. e4 e5 2. Nf3 Nc6 3. Bc4 Nf6 4. Ng5 d5 5. exd5 Na5 6. Bb5+ c6 7. dxc6 bxc6 8.
Be2 h6 9. Nh3 Bc5 10. d3 O-O 11. Nc3 Bf5 12. Na4 Be7 13. f3 Bxh3 14. gxh3 Qd4
15. c3 Qh4+ 16. Kd2 Nd5 17. b4 Bxb4 18. Rb1 Be7 19. Nb2 Rab8 20. Qf1 Rxb2+ 21.
Rxb2 Bg5+ 22. Kd1 Qa4+ 23. Ke1 Bxc1 0-1

[Event "XXVI Miedzynarodowy Festiwal Szachowy w Poznaniu - OPEN A"]
[Site "Poznan"]
[Date "2018-08-19"]
[Round "1.5"]
[White "Chojnacki, Krzysztof "]
[Black "Najdzionek, Boleslaw "]
[Result "1-0"]
[WhiteTitle ""]
[BlackTitle ""]
[WhiteElo "2352"]
[BlackElo "1715"]

1. d4 d5 2. c4 Nf6 3. cxd5 Nxd5 4. e4 Nb6 5. Nc3 e6 6. Be3 Bb4 7. Nf3 O-O 8. Be2
Nc6 9. O-O Bd7 10. Rc1 a6 11. a3 Bxc3 12. Rxc3 Rc8 13. Qc2 Ne7 14. Rc1 c6 15.
Qb3 Rb8 16. d5 Nec8 17. dxc6 Bxc6 18. Rd3 Qc7 19. Nd4 e5 20. Nxc6 bxc6 21. Qc2
Ne7 22. Bc5 Nbc8 23. Rcd1 Qb7 24. Rd7 Qxb2 25. Qxb2 Rxb2 26. Bxa6 Re8 27. Bxe7
Nxe7 28. Rxe7 Ra8 1-0

[Event "XXVI Miedzynarodowy Festiwal Szachowy w Poznaniu - OPEN A"]
[Site "Poznan"]
[Date "2018-08-19"]
[Round "1.6"]
[White "Weglarz, Janusz"]
[Black "Plichta, Kamil "]
[Result "0-1"]
[WhiteTitle ""]
[BlackTitle ""]
[WhiteElo "1707"]
[BlackElo "2337"]

1. Nf3 g6 2. e3 Bg7 3. c4 d6 4. Nc3 e5 5. d4 Nd7 6. Be2 Ngf6 7. O-O O-O 8. Qc2
Re8 9. dxe5 dxe5 10. Rd1 c6 11. Bd2 e4 12. Ne1 Qe7 13. a3 Nf8 14. Na2 h5 15. Bc3
N8h7 16. b4 h4 17. c5 h3 18. g3 Bg4 19. Bxg4 Nxg4 20. Bxg7 Kxg7 21. Qc3+ Ne5 22.
Rd6 Ng5 23. Rad1 Kg8 24. Nc1 a5 25. Ne2 axb4 26. axb4 Ra2 27. Nd4 Rea8 28. Nec2
Kh7 29. Ra1 Ngf3+ 30. Kh1 Ng4 31. Nxf3 Rxc2 32. Qxc2 Rxa1+ 33. Rd1 Rxd1+ 0-1

[Event "XXVI Miedzynarodowy Festiwal Szachowy w Poznaniu - OPEN A"]
[Site "Poznan"]
[Date "2018-08-19"]
[Round "1.7"]
[White "Zakrzewski, Marek"]
[Black "Zurawski, Kamil"]
[Result "1-0"]
[WhiteTitle ""]
[BlackTitle ""]
[WhiteElo "2333"]
[BlackElo "1690"]

1. e4 c5 2. Nf3 Nc6 3. Nc3 e5 4. Bc4 d6 5. d3 Be7 6. Nd2 Nf6 7. Nf1 Bg4 8. f3 Bd7
9. Ne3 Nd4 10. a4 a6 11. Ned5 Nxd5 12. Bxd5 Rb8 13. O-O O-O 14. f4 Bf6 15. f5
Bg5 16. Qh5 Bxc1 17. Raxc1 Qf6 18. Rf2 b5 19. axb5 axb5 20. Nd1 b4 21. Ne3 Qh6
22. Qxh6 gxh6 23. Nc4 Nb5 24. Rf3 Kg7 25. Rg3+ Kh8 26. Rh3 Kg7 27. Ne3 Nd4 28.
Kf2 f6 29. Ra1 Nb5 30. Ng4 h5 31. Rxh5 Be8 32. Rh3 Bf7 33. Bc4 Bxc4 34. dxc4 Nc7
35. Ra7 Rf7 36. Rg3 Kf8 37. Nh6 Rg7 38. Rxc7 1-0

[Event "XXVI Miedzynarodowy Festiwal Szachowy w Poznaniu - OPEN A"]
[Site "Poznan"]
[Date "2018-08-19"]
[Round "1.8"]
[White "Szczepaniak, Artur "]
[Black "Niekras, Dawid "]
[Result "1/2-1/2"]
[WhiteTitle ""]
[BlackTitle ""]
[WhiteElo "1677"]
[BlackElo "2321"]

1. e4 c5 2. Nf3 d6 3. d4 cxd4 4. Nxd4 Nf6 5. Nc3 a6 6. Be3 e5 7. Nb3 Be6 8. Be2
Be7 9. O-O O-O 10. Kh1 Nc6 11. f4 exf4 12. Bxf4 Ne8 13. Nd5 Bg5 14. Bg3 Ne5 15.
Nd4 Bxd5 16. exd5 Qb6 17. b3 Nf6 18. Nf3 Be3 19. Nxe5 dxe5 20. Bxe5 Ne4 21. Bd3
Nf2+ 22. Rxf2 Bxf2 23. Qh5 h6 24. Rf1 Bd4 25. Bf4 Rad8 26. c4 g6 27. Qxh6 Bg7
28. Qg5 Rfe8 29. Qg3 Qd4 30. Qf3 Rd7 31. Bb1 b5 32. Bd3 Be5 33. Qh3 Rde7 34. Bc1
f5 35. Qe3 bxc4 36. Bxc4 Qxe3 37. Bxe3 Bd6 38. Bf2 a5 39. Kg1 1/2-1/2

[Event "XXVI Miedzynarodowy Festiwal Szachowy w Poznaniu - OPEN A"]
[Site "Poznan"]
[Date "2018-08-19"]
[Round "1.9"]
[White "Schmidt, Wlodzimierz "]
[Black "Szafranski, Piotr"]
[Result "1-0"]
[WhiteTitle ""]
[BlackTitle ""]
[WhiteElo "2258"]
[BlackElo "1670"]

1. d4 Nf6 2. c4 g6 3. Nc3 d5 4. cxd5 Nxd5 5. e4 Nxc3 6. bxc3 Bg7 7. Nf3 c5 8. Be3
O-O 9. Qd2 Qa5 10. Rb1 a6 11. Rc1 Rd8 12. d5 Bg4 13. c4 Qa3 14. Be2 e6 15. O-O
Nc6 16. Rb1 exd5 17. exd5 Na5 18. Rb6 Bc3 19. Qc1 Qxc1 20. Rxc1 Bb4 21. h3 Bd7
22. Ne5 Ba4 23. a3 Nb3 24. axb4 Nxc1 25. Bxc1 cxb4 26. Rxb4 Re8 27. Rxa4 Rxe5
28. Be3 f5 29. Bf3 Rc8 30. Rb4 a5 31. Rxb7 Rxc4 32. d6 Rc8 33. d7 Rd8 34. Bg5
Re6 1-0

[Event "XXVI Miedzynarodowy Festiwal Szachowy w Poznaniu - OPEN A"]
[Site "Poznan"]
[Date "2018-08-19"]
[Round "1.10"]
[White "Hoffmann, Piotr"]
[Black "Khamitskiy, Sergei "]
[Result "0-1"]
[WhiteTitle ""]
[BlackTitle ""]
[WhiteElo "1649"]
[BlackElo "2233"]

1. Nc3 d5 2. e4 e6 3. a3 Nf6 4. exd5 exd5 5. d4 Bd6 6. Bg5 c6 7. Be2 O-O 8. Nf3
Bf5 9. O-O Nbd7 10. Re1 Qc7 11. Bh4 Ne4 12. Bg3 Bxg3 13. fxg3 Nxc3 14. bxc3 Qa5
15. Bd3 Bxd3 16. Qxd3 Rfe8 17. Rxe8+ Rxe8 18. Rf1 Nf6 19. Ne5 Qxa3 20. g4 Ne4
21. Nxf7 Qxc3 22. Qxc3 Nxc3 23. Nd6 Re7 24. Nc8 Rc7 25. Nxa7 b5 0-1

[Event "XXVI Miedzynarodowy Festiwal Szachowy w Poznaniu - OPEN A"]
[Site "Poznan"]
[Date "2018-08-19"]
[Round "1.11"]
[White "Jaroch, Karol"]
[Black "Czarnolewski, Piotr"]
[Result "1-0"]
[WhiteTitle ""]
[BlackTitle ""]
[WhiteElo "2222"]
[BlackElo "1634"]

1. e4 e5 2. Bc4 Nf6 3. d3 Be7 4. Nc3 O-O 5. Nge2 c6 6. f4 d5 7. exd5 cxd5 8. fxe5
dxc4 9. exf6 Bxf6 10. dxc4 Bxc3+ 11. Nxc3 Qh4+ 12. g3 Qxc4 13. Qd5 Re8+ 14. Kf2
Qxd5 15. Nxd5 Na6 16. c3 Be6 17. Nf4 Nc5 18. Be3 Ne4+ 19. Kg2 Nf6 20. Rhe1 Nd5
21. Nxe6 Rxe6 22. Bd4 Nc7 23. Kf3 Rxe1 24. Rxe1 Ne6 25. Be3 a6 26. Rd1 Rd8 27.
Rxd8+ Nxd8 28. Ke4 Kf8 29. Kd5 Ne6 30. Kd6 Ke8 31. Bb6 h5 32. c4 g5 33. h3 h4
34. gxh4 gxh4 35. Bf2 Nf4 36. Bxh4 Nxh3 37. Kc7 b5 38. cxb5 f5 39. Kd6 1-0

[Event "XXVI Miedzynarodowy Festiwal Szachowy w Poznaniu - OPEN A"]
[Site "Poznan"]
[Date "2018-08-19"]
[Round "1.12"]
[White "Kiwilsza, Piotr"]
[Black "Malyovanyi, Yulian "]
[Result "0-1"]
[WhiteTitle ""]
[BlackTitle ""]
[WhiteElo "1623"]
[BlackElo "2188"]

1. e4 c5 2. Nf3 e6 3. d4 cxd4 4. Nxd4 a6 5. Bd3 Nf6 6. Bg5 Be7 7. Nc3 d6 8. O-O
b5 9. f4 Qb6 10. Kh1 Nbd7 11. Nb3 Bb7 12. e5 Ng4 13. Bxe7 Kxe7 14. Qe2 dxe5 15.
fxe5 Qe3 16. Rae1 Qxe2 17. Rxe2 Bf3 18. Rxf3 Ngxe5 19. Be4 Rab8 20. a4 Nc4 21.
g3 Kd6 0-1

[Event "XXVI Miedzynarodowy Festiwal Szachowy w Poznaniu - OPEN A"]
[Site "Poznan"]
[Date "2018-08-19"]
[Round "1.13"]
[White "Garbowski, Jakub "]
[Black "Hoffmann, Kacper "]
[Result "1-0"]
[WhiteTitle ""]
[BlackTitle ""]
[WhiteElo "2129"]
[BlackElo "1569"]

1. e4 d6 2. d4 Nf6 3. Nc3 g6 4. Nf3 Bg7 5. Bc4 O-O 6. Bb3 c5 7. h3 Nc6 8. Be3 cxd4
9. Nxd4 e5 10. Ndb5 Ne8 11. Qd2 a6 12. Na3 b5 13. Nd5 Rb8 14. Rd1 Nd4 15. Bg5
Nf6 16. c3 Nxb3 17. axb3 Bb7 18. Bxf6 Bxf6 19. Nc2 Bg7 20. O-O f5 21. exf5 gxf5
22. f4 Rf7 23. Nce3 exf4 24. Nxf4 Be5 25. Nfd5 Qg5 26. Nxf5 Rxf5 27. Rxf5 Qxd2
28. Rxd2 Re8 29. Nf6+ Bxf6 30. Rxf6 d5 31. Kf2 Kg7 32. Rb6 Re7 33. Re2 Rf7+ 34.
Ke3 1-0

[Event "XXVI Miedzynarodowy Festiwal Szachowy w Poznaniu - OPEN A"]
[Site "Poznan"]
[Date "2018-08-19"]
[Round "1.14"]
[White "Kugler, Pawel"]
[Black "Raczynski, Krzysztof "]
[Result "0-1"]
[WhiteTitle ""]
[BlackTitle ""]
[WhiteElo "1561"]
[BlackElo "2111"]

1. b3 d5 2. Bb2 Bg4 3. d3 e6 4. Nd2 Nf6 5. c4 Be7 6. Ngf3 O-O 7. cxd5 exd5 8. e3
Nbd7 9. Qc2 Re8 10. Be2 Bd6 11. a3 c6 12. O-O Qe7 13. Rfe1 Bf5 14. Bf1 Bg6 15.
Nh4 Ng4 16. Nxg6 Bxh2+ 17. Kh1 Qd6 18. Nf3 fxg6 19. Re2 Be5 20. d4 Bf6 21. g3
Nf8 22. a4 Qe6 23. Kg2 Nh6 24. Rd2 g5 25. Bd3 g4 26. Ng1 Bg5 27. Re1 Qf6 28. Rde2
Nf7 29. f4 gxf3+ 30. Nxf3 g6 31. e4 Ne6 32. e5 Qg7 33. Rh1 Be7 34. Kg1 Nfg5 35.
Nxg5 Nxg5 36. Kg2 Rf8 37. Bc1 Qf7 38. Rf2 Qxf2+ 39. Qxf2 Rxf2+ 40. Kxf2 Ne6 41.
Be3 Rf8+ 42. Ke2 Bb4 43. Bc2 Bc3 44. Rd1 Rf7 45. Rd3 Bb4 46. Bd1 Kf8 47. Bh6+
Ke7 48. Ke3 Be1 49. Ke2 Bf2 50. Be3 Bxg3 51. Bg5+ Nxg5 52. Rxg3 Ne6 53. Ke3 Rf4
54. Rg4 Rxg4 55. Bxg4 a5 56. Be2 Ng7 57. Bg4 Nf5+ 58. Bxf5 gxf5 59. Kf4 Ke6 60.
Kg5 b6 0-1

[Event "XXVI Miedzynarodowy Festiwal Szachowy w Poznaniu - OPEN A"]
[Site "Poznan"]
[Date "2018-08-19"]
[Round "1.15"]
[White "Zadymov, Ihor"]
[Black "Zatylny, Jan "]
[Result "1-0"]
[WhiteTitle ""]
[BlackTitle ""]
[WhiteElo "2102"]
[BlackElo "1548"]

1. e4 e6 2. d4 d5 3. Nc3 c6 4. Bd3 Ne7 5. Nf3 Ng6 6. h4 Nd7 7. h5 Ne7 8. Qe2 Nb6
9. Bd2 Bd7 10. O-O-O Ng8 11. Ne5 Bd6 12. Qg4 Bf8 13. Qf3 Nf6 14. h6 Qe7 15. Bg5
O-O-O 16. hxg7 Bxg7 17. Ng4 dxe4 18. Nxe4 h5 19. Ngxf6 Bh6 20. Bxh6 Rxh6 21. Qf4
Rdh8 22. Nd6+ Kd8 23. Nxb7+ Kc8 24. Nd6+ Kd8 25. Nxd7 Nxd7 26. Nxf7+ Kc8 27. Ba6#
1-0

[Event "XXVI Miedzynarodowy Festiwal Szachowy w Poznaniu - OPEN A"]
[Site "Poznan"]
[Date "2018-08-19"]
[Round "1.16"]
[White "Zakrzewski, Bartosz"]
[Black "Nowak, Mikolaj "]
[Result "0-1"]
[WhiteTitle ""]
[BlackTitle ""]
[WhiteElo "1533"]
[BlackElo "2101"]

1. e4 c6 2. d4 d5 3. Nc3 dxe4 4. Nxe4 Bf5 5. Ng3 Bg6 6. Nf3 Nd7 7. h4 h6 8. h5
Bh7 9. Bd3 Bxd3 10. Qxd3 e6 11. Be3 Ngf6 12. O-O-O Be7 13. Kb1 O-O 14. c4 b5 15.
Ne5 Nxe5 16. dxe5 Qxd3+ 17. Rxd3 Ng4 18. cxb5 Nxe5 19. Rb3 cxb5 20. Rxb5 Ng4 21.
Bd4 Rfd8 22. Ne2 Rd7 23. f3 Nf6 24. Rc1 Nd5 25. a3 Bg5 26. Rc2 Rad8 27. g3 Ne3
28. Rc3 Nf5 29. Bc5 Rd1+ 30. Ka2 R1d2 31. f4 Bf6 32. g4 Rxe2 33. Rcb3 Nd4 34.
Bxd4 Bxd4 35. g5 hxg5 36. fxg5 Re5 37. Rb7 Rxg5 38. Rc7 Bb6 39. Re7 Rxh5 40. Rf3
Rf5 0-1

[Event "XXVI Miedzynarodowy Festiwal Szachowy w Poznaniu - OPEN A"]
[Site "Poznan"]
[Date "2018-08-19"]
[Round "1.17"]
[White "Vesely, Vitek"]
[Black "Huchwajda, Grzegorz"]
[Result "1-0"]
[WhiteTitle ""]
[BlackTitle ""]
[WhiteElo "2081"]
[BlackElo "1531"]

1. d4 d5 2. c4 dxc4 3. e3 Nf6 4. Bxc4 e6 5. Nf3 c5 6. O-O a6 7. a4 Nc6 8. Qe2 Qb6
9. Rd1 cxd4 10. exd4 Be7 11. Nc3 O-O 12. Be3 Qc7 13. Rac1 Re8 14. Bg5 Na5 15.
Ba2 Qb8 16. d5 Nxd5 17. Bxd5 Bxg5 18. Nxg5 h6 19. Nf3 Bd7 20. Ba2 Rd8 21. Ne5
Be8 22. Rxd8 Qxd8 23. Rd1 Qc7 24. h3 Nc6 25. Nxc6 Bxc6 26. Qd3 b6 27. Bb1 g6 28.
Qe3 Kg7 29. Qd4+ f6 30. Qd6 Qb7 31. Qxe6 Bxg2 32. Rd7+ 1-0

[Event "XXVI Miedzynarodowy Festiwal Szachowy w Poznaniu - OPEN A"]
[Site "Poznan"]
[Date "2018-08-19"]
[Round "1.18"]
[White "Kabzinski, Jan "]
[Black "Bajerlein, Dawid "]
[Result "0-1"]
[WhiteTitle ""]
[BlackTitle ""]
[WhiteElo "1522"]
[BlackElo "2062"]

1. c4 g6 2. Nf3 Bg7 3. d4 c5 4. e4 Nc6 5. d5 Nd4 6. Nc3 e5 7. g3 d6 8. Bg2 Ne7
9. h3 O-O 10. O-O f5 11. Ne1 f4 12. Kh2 g5 13. a3 Rf6 14. Nf3 g4 15. hxg4 Bxg4
16. Qd3 Qe8 17. Ne2 Qh5+ 0-1

[Event "XXVI Miedzynarodowy Festiwal Szachowy w Poznaniu - OPEN A"]
[Site "Poznan"]
[Date "2018-08-19"]
[Round "1.19"]
[White "Golek-schild, Jagoda "]
[Black "Zurawski, Mateusz"]
[Result "1-0"]
[WhiteTitle ""]
[BlackTitle ""]
[WhiteElo "2033"]
[BlackElo "1492"]

1. e4 e6 2. d3 d5 3. Nd2 Nf6 4. Ngf3 b6 5. e5 Nfd7 6. d4 c5 7. c3 Nc6 8. a3 cxd4
9. cxd4 f6 10. exf6 Nxf6 11. Bb5 Bd7 12. Qe2 Qc7 13. Bxc6 Qxc6 14. Ne5 Qc7 15.
O-O Bd6 16. Re1 Bxe5 17. dxe5 Ng8 18. Qg4 g6 19. Nf3 Ne7 20. Bg5 Nf5 21. Rac1
Qb7 22. Bf6 Rg8 23. Qf4 h6 24. g4 g5 25. Qd2 Ne7 26. Qb4 Nc6 27. Qd6 Kf7 28. a4
Rac8 29. Qa3 a5 30. Rc3 Nb4 31. Nd4 Rc4 32. Rh3 Rg6 33. Qf3 Ke8 34. Rxh6 Rg8 35.
Rh7 1-0

[Event "XXVI Miedzynarodowy Festiwal Szachowy w Poznaniu - OPEN A"]
[Site "Poznan"]
[Date "2018-08-19"]
[Round "1.20"]
[White "Tadych, Szymon "]
[Black "Bednarska-bzdega, Malgorzata "]
[Result "0-1"]
[WhiteTitle ""]
[BlackTitle ""]
[WhiteElo "1468"]
[BlackElo "1984"]

1. d4 d5 2. c4 e6 3. Nc3 Nf6 4. Nf3 b6 5. Bg5 Bb7 6. e3 Nbd7 7. Ne5 Be7 8. f4 O-O
9. g4 dxc4 10. Rg1 Nd5 11. Bxe7 Qxe7 12. Nxd7 Qxd7 13. Bxc4 Nxe3 14. Qd3 Nxc4
15. Qxc4 Bd5 16. Nxd5 exd5 17. Qd3 Rfe8+ 18. Kf2 Re4 19. f5 Qd6 20. h3 Qf4+ 21.
Kg2 Re3 22. Qf1 Qxd4 23. Rb1 Rae8 24. Qd1 Re2+ 0-1

[Event "XXVI Miedzynarodowy Festiwal Szachowy w Poznaniu - OPEN A"]
[Site "Poznan"]
[Date "2018-08-19"]
[Round "1.21"]
[White "Michalski, Karol "]
[Black "Geselle, Roman "]
[Result "1-0"]
[WhiteTitle ""]
[BlackTitle ""]
[WhiteElo "1983"]
[BlackElo "1461"]

1. d4 d5 2. c4 Nf6 3. Nc3 c6 4. Nf3 h6 5. e3 Bg4 6. Qc2 e6 7. Bd3 dxc4 8. Bxc4
Bf5 9. e4 Bh7 10. a3 Be7 11. Rg1 Nbd7 12. g4 g5 13. h4 Nd5 14. Ne2 gxh4 15. Bd3
N5b6 16. Nf4 Bg5 17. b4 Qf6 18. e5 Bxd3 19. Qxd3 Qe7 20. b5 c5 21. Qe4 O-O-O 22.
a4 cxd4 23. Ba3 Qe8 24. Rc1+ 1-0

[Event "XXVI Miedzynarodowy Festiwal Szachowy w Poznaniu - OPEN A"]
[Site "Poznan"]
[Date "2018-08-19"]
[Round "1.22"]
[White "Nicikowski, Jozef"]
[Black "Leskiewicz, Ignacy "]
[Result "0-1"]
[WhiteTitle ""]
[BlackTitle ""]
[WhiteElo "1459"]
[BlackElo "1964"]

1. e4 c5 2. d3 g6 3. Nf3 Bg7 4. g3 Nc6 5. Bg2 Nf6 6. O-O d5 7. Nbd2 O-O 8. Re1
e5 9. exd5 Nxd5 10. Ne4 b6 11. h4 Bg4 12. c3 Qd7 13. Qc2 Rae8 14. Nh2 Bh3 15.
Bh1 h6 16. Qe2 f5 17. c4 Nd4 18. Qd1 Nb4 19. a3 Nbc2 20. Nc3 Nxe1 0-1

[Event "XXVI Miedzynarodowy Festiwal Szachowy w Poznaniu - OPEN A"]
[Site "Poznan"]
[Date "2018-08-19"]
[Round "1.23"]
[White "Sobczak, Miroslaw"]
[Black "Szafranski, Maciej "]
[Result "1-0"]
[WhiteTitle ""]
[BlackTitle ""]
[WhiteElo "1955"]
[BlackElo "1425"]

1. e4 c5 2. Nc3 d6 3. f4 Nf6 4. Nf3 a6 5. a4 e6 6. Bc4 Nxe4 7. Nxe4 d5 8. Bd3 c4
9. Bxc4 dxe4 10. Ng5 Qc7 11. Qe2 Qxf4 12. d4 Qc7 13. O-O f5 14. Bxe6 Bxe6 15.
Nxe6 Qd6 16. Rxf5 Nc6 17. Qxe4 Ne7 18. Rc5 Rb8 19. Bf4 Qb6 20. Bxb8 Qxb2 21. Rc8+
Kd7 22. Rd8# 1-0

[Event "XXVI Miedzynarodowy Festiwal Szachowy w Poznaniu - OPEN A"]
[Site "Poznan"]
[Date "2018-08-19"]
[Round "1.24"]
[White "Mozdzanowski, Filip"]
[Black "Huchwajda, Lukasz"]
[Result "0-1"]
[WhiteTitle ""]
[BlackTitle ""]
[WhiteElo "1411"]
[BlackElo "1945"]

1. c4 e5 2. Nc3 Nf6 3. g3 d5 4. cxd5 Nxd5 5. Bg2 Nb6 6. Nf3 Nc6 7. O-O Be7 8. d3
O-O 9. Bd2 Be6 10. a3 f5 11. b4 Bf6 12. Rb1 Nd4 13. Nxd4 exd4 14. Na4 Bd5 15.
Nc5 Bxg2 16. Kxg2 Qd5+ 17. Kg1 Rfe8 18. Re1 Nd7 19. Qb3 Qxb3 20. Nxb3 Re7 21.
Rbc1 Nb6 22. Na5 c6 23. Nb3 Nd5 24. Rc4 Rae8 25. Kf1 Nb6 26. Rc5 g6 27. Rc2 Kg7
28. Bc1 Na4 29. Bb2 Nxb2 30. Rxb2 g5 31. Rc2 f4 32. Rc4 f3 33. Nxd4 Bxd4 34. Rxd4
fxe2+ 35. Kg2 h5 36. f3 Kf6 37. Kf2 Re3 38. Re4 R8xe4 39. dxe4 Rxa3 40. Rxe2 Ke5
41. h4 gxh4 42. f4+ Ke6 43. gxh4 Rh3 44. e5 Rxh4 45. f5+ Kxf5 46. Ra2 0-1

[Event "XXVI Miedzynarodowy Festiwal Szachowy w Poznaniu - OPEN A"]
[Site "Poznan"]
[Date "2018-08-19"]
[Round "1.25"]
[White "Kaluzny, Lukasz"]
[Black "Wojdak, Karol"]
[Result "1-0"]
[WhiteTitle ""]
[BlackTitle ""]
[WhiteElo "1943"]
[BlackElo "1408"]

1. e4 e5 2. Nf3 Nc6 3. Bc4 Bc5 4. c3 Nf6 5. d4 exd4 6. e5 d5 7. Bb5 Ne4 8. cxd4
Be7 9. O-O O-O 10. Nc3 Bg4 11. Bd3 Bxf3 12. gxf3 Ng5 13. Be3 f5 14. f4 Ne6 15.
Be2 Nb8 16. Qb3 c5 17. Qxd5 Qxd5 18. Nxd5 Bh4 19. dxc5 Nc6 20. Bc4 Kh8 21. Rad1
g5 22. Nf6 Nxf4 23. Rd7 Rxf6 24. exf6 Ne5 25. Bd4 Nf3+ 26. Kh1 Nxd4 27. Rxd4 Nh3
28. f7 Nxf2+ 29. Kg2 Ng4 30. Rxg4 1-0

[Event "XXVI Miedzynarodowy Festiwal Szachowy w Poznaniu - OPEN A"]
[Site "Poznan"]
[Date "2018-08-19"]
[Round "1.26"]
[White "Zielinski, Tomasz"]
[Black "Szuminski, Marek "]
[Result "0-1"]
[WhiteTitle ""]
[BlackTitle ""]
[WhiteElo "1382"]
[BlackElo "1942"]

1. e4 c5 2. Nf3 d6 3. d4 cxd4 4. Nxd4 Nf6 5. f3 a6 6. c4 e6 7. Nc3 Be7 8. Be2 O-O
9. Be3 Bd7 10. O-O Nc6 11. Nc2 Ne5 12. Qd2 Rc8 13. b3 Qc7 14. f4 Ng6 15. g4 h6
16. f5 Ne5 17. g5 hxg5 18. Bxg5 b5 19. Bh6 Kh7 20. Bxg7 Kxg7 21. Qg5+ Ng6 22.
fxg6 fxg6 23. Kh1 Rh8 24. Rg1 Rh6 25. Nd4 d5 26. e5 dxc4 27. Qg3 cxb3 28. exf6+
Bxf6 29. Qxc7 Rxc7 30. Nxb3 Rxc3 31. Rgd1 Bc6+ 32. Kg1 Rc2 33. Rac1 Rxe2 34. Rxc6
Rhxh2 35. Rd7+ Kh6 36. Rcc7 Rhg2+ 37. Kf1 Rgf2+ 38. Kg1 Be5 0-1

[Event "XXVI Miedzynarodowy Festiwal Szachowy w Poznaniu - OPEN A"]
[Site "Poznan"]
[Date "2018-08-19"]
[Round "1.27"]
[White "Nadstoga, Wojciech "]
[Black "Kaluzny, Jan "]
[Result "1-0"]
[WhiteTitle ""]
[BlackTitle ""]
[WhiteElo "1928"]
[BlackElo "1375"]

1. Nf3 c5 2. g3 Nf6 3. Bg2 Nc6 4. d3 d6 5. c3 g6 6. O-O Bg7 7. e4 O-O 8. Qc2 Nd7
9. Ng5 Qc7 10. f4 e6 11. Nd2 Nb6 12. Ndf3 d5 13. e5 Bd7 14. Qf2 Ne7 15. h4 Bb5
16. Rd1 Rad8 17. h5 Nf5 18. Nh2 d4 19. c4 Bc6 20. hxg6 hxg6 21. Ng4 Nh6 22. Nh2
Rfe8 23. Be4 Bxe4 24. Nxe4 Nd7 25. g4 Rf8 26. g5 Nf5 27. Ng4 b6 28. Qh2 Rfe8 29.
Kf2 Qb7 30. Rh1 Ra8 31. Ngf6+ Nxf6 32. gxf6 Bf8 33. Qh8# 1-0

[Event "XXVI Miedzynarodowy Festiwal Szachowy w Poznaniu - OPEN A"]
[Site "Poznan"]
[Date "2018-08-19"]
[Round "1.28"]
[White "Muller, Marcin "]
[Black "Niedbala, Wojciech "]
[Result "0-1"]
[WhiteTitle ""]
[BlackTitle ""]
[WhiteElo "1351"]
[BlackElo "1914"]

1. e4 c5 2. c4 Nc6 3. Nc3 g6 4. f4 Bg7 5. Nf3 d6 6. Be2 Nf6 7. d3 a6 8. O-O O-O
9. Qe1 e6 10. Qh4 Nh5 11. g4 Qxh4 12. Nxh4 Nf6 13. h3 Nd4 14. Bd1 b5 15. Rb1 bxc4
16. dxc4 Bb7 17. Re1 Bc6 18. Nf3 Rab8 19. g5 Nd7 20. Nh4 Rfe8 21. Rf1 Rb7 22.
f5 exf5 23. exf5 gxf5 24. Bf4 Ne5 25. b3 Rd7 26. Nd5 Bxd5 27. cxd5 Ng6 28. Nxg6
fxg6 29. b4 Rb8 30. Ba4 Rdd8 31. Be3 Ne2+ 32. Kh2 Nc3 0-1

[Event "XXVI Miedzynarodowy Festiwal Szachowy w Poznaniu - OPEN A"]
[Site "Poznan"]
[Date "2018-08-19"]
[Round "1.29"]
[White "Norov, Artem "]
[Black "Nowak, Roksana "]
[Result "1-0"]
[WhiteTitle ""]
[BlackTitle ""]
[WhiteElo "1905"]
[BlackElo "1329"]

1. d4 Nf6 2. c4 g6 3. Nc3 Bg7 4. Nf3 d6 5. h3 O-O 6. e4 Re8 7. Bg5 Nbd7 8. e5 dxe5
9. dxe5 Nxe5 10. Nxe5 Qxd1+ 11. Rxd1 Bf5 12. Be2 Ne4 13. Bf4 Nxc3 14. bxc3 f6
15. Nf3 e5 16. Be3 e4 17. Nd4 Bd7 18. Nb5 Bxb5 19. cxb5 f5 20. Bc4+ Kh8 21. Bd4
Bxd4 22. Rxd4 e3 23. O-O exf2+ 24. Kxf2 Re7 25. Re1 Rxe1 26. Kxe1 Re8+ 27. Kd2
c5 28. Rd7 b6 29. Rxa7 Re4 30. Bd5 Re8 31. Rb7 Rd8 32. c4 Rd6 33. Rc7 Rd8 34.
Re7 Rf8 35. Rb7 Rf6 36. Ke3 Rd6 37. Kf4 h6 38. Ke5 Rd8 39. Rxb6 Kg7 40. Rb7+ Kh8
41. Rc7 h5 42. b6 Rb8 43. b7 h4 44. Rc8+ 1-0

[Event "XXVI Miedzynarodowy Festiwal Szachowy w Poznaniu - OPEN A"]
[Site "Poznan"]
[Date "2018-08-19"]
[Round "1.30"]
[White "Kaluzny, Stanislaw "]
[Black "Simon, Marek "]
[Result "0-1"]
[WhiteTitle ""]
[BlackTitle ""]
[WhiteElo "1321"]
[BlackElo "1902"]

1. e4 c6 2. Nc3 d5 3. Nf3 Bg4 4. Be2 Nf6 5. d3 e6 6. O-O c5 7. b3 Nc6 8. Bb2 d4
9. Nb1 e5 10. Nbd2 h5 11. h3 Nd7 12. Nh2 Bxe2 13. Qxe2 g5 14. Ndf3 Bd6 15. Bc1
f6 16. Bd2 Qe7 17. Rfe1 Qg7 18. Kh1 Ne7 19. Rg1 Ng6 20. Ne1 Ndf8 21. a3 Ne6 22.
b4 cxb4 23. axb4 Nef4 24. Qd1 Qe7 25. b5 Bb4 26. f3 Bxd2 27. Qxd2 Qc5 28. Rb1
Kf7 29. Rb3 Rhc8 30. Qa5 Ne2 31. Qa2 Ng3# 0-1